AU LIBRARIES
Centralized Library System Across Seven Campuses

An Agenda for Human Resource Development and Employment in Pakistan (Record no. 47218)

MARC details
000 -LEADER
fixed length control field 00384nam a22001337a 4500
005 - DATE AND TIME OF LATEST TRANSACTION
control field 20260407104828.0
008 - FIXED-LENGTH DATA ELEMENTS--GENERAL INFORMATION
fixed length control field 260407b |||||||| |||| 00| 0 eng d
082 ## - DEWEY DECIMAL CLASSIFICATION NUMBER
Classification number 658.3
Author Mark AGE-M
245 ## - TITLE STATEMENT
Title An Agenda for Human Resource Development and Employment in Pakistan
260 ## - PUBLICATION, DISTRIBUTION, ETC.
Place of Publication Pakistan
Name of publisher, distributor, etc. National Manpower Commission
300 ## - PHYSICAL DESCRIPTION
Pages 50 p.
650 ## - SUBJECT ADDED ENTRY--TOPICAL TERM
Subject / Department Management Science
942 ## - ADDED ENTRY ELEMENTS (KOHA)
Koha item type Book
Holdings
Withdrawn status Lost status Damaged status Not for loan Collection code Permanent Location Current Location Shelving Location Date acquired Source of acquisition Total Checkouts Full Call Number Accession No./Barcode Date last seen Koha item type
        Management Science Air University H-11 Campus Islamabad Air University H-11 Campus Islamabad Management Science 04/07/2026 Gifted By Dr. Salman Hasan   658.3 AGE-M AUHEG0001 04/07/2026 Book
Air University Sector E-9, Islamabad Pakistan
Email: librarian@au.edu.pk  Tel : +0092 51 9262612 Ext: 631